Sara - Fleetwood Mac - Statistics

General Stats
  • This quiz has been taken 123 times
  • The average score is 124 of 172
Answer Stats
Answer % Correct
a
99%
you
99%
i
97%
I
97%
the
96%
me
94%
your
92%
in
91%
Sara
91%
to
91%
but
90%
love
90%
never
89%
no
87%
when
87%
ever
85%
he
85%
it
84%
house
82%
now
82%
heart
81%
it's
81%
my
81%
call
80%
gone
80%
where
80%
of
78%
Said
78%
what
78%
baby
77%
matter
77%
doesn't
76%
minute
76%
Wait
76%
with
76%
change
75%
stay
75%
for
73%
give
73%
poet
73%
while
73%
would
73%
Would
73%
drown
72%
everyone
72%
sea
72%
told
71%
about
70%
and
70%
stop
70%
then
68%
you'd
67%
fire
66%
you're
66%
drowning
65%
built
57%
home
57%
anymore
54%
Oh
54%
oh
54%
don't
53%
light
49%
was
49%
like
47%
say
47%
met
44%
undoing
44%
had
43%
just
43%
match
43%
singing
43%
think
42%
wing
42%
laces
41%
by
38%
I'll
38%
they
38%
please
37%
storm
37%
all
35%
if
34%
come
33%
great
33%
wings
33%
wanted
29%
dark
28%
within
28%
pride
25%
swallow
25%
No matching quizzes found
Score Distribution
Percent of People with Each Score
Percentile by Number Answered
Your Score History
You have not taken this quiz